Historia del Imperio Bizantino.
Guardat en:
| Autor principal: | |
|---|---|
| Format: | Llibre |
| Idioma: | espanyol |
| Publicat: |
Barcelona, España:
Iberia; Joaquín Gil,
1946.
|
| Matèries: | |
| Etiquetes: |
Afegir etiqueta
Sense etiquetes, Sigues el primer a etiquetar aquest registre!
|
MARC
| LEADER | 00000nam a2200000 a 4500 | ||
|---|---|---|---|
| 001 | UCO2204 | ||
| 003 | CL-VaPUC | ||
| 005 | 20220822114345.0 | ||
| 008 | 000602e19460000SP |||||||||||||||||spa|d | ||
| 999 | |c 288743 |d 288741 | ||
| 040 | |c Pontificia Universidad Católica de Valparaíso | ||
| 082 | 0 | 4 | |a 949.5 VAS 1946 |2 21 |
| 100 | 0 | |a Vasiliev, A. A |e autor |9 445153 | |
| 245 | 1 | 0 | |a Historia del Imperio Bizantino. |
| 260 | |a Barcelona, España: |b Iberia; |b Joaquín Gil, |c 1946. | ||
| 300 | |a 3 Tomos. | ||
| 500 | |a c.2 Tomo I: Donación Familia Prof. Alejandro Guzmán Brito. c.3 Tomo II: Donación Familia Prof. Alejandro Guzmán Brito. | ||
| 505 | |a t.I: De Constantino a la Cruzadas (324-1081). t.II: De las Cruzadas a la Caída de Constantinopla (1081-1453). | ||
| 583 | |a last modification |c 20000602 00:00:00 |k Rodrigo Vera | ||
| 600 | 0 | |a Constantino |9 398355 | |
| 650 | 0 | |a Imperio Bizantino |9 322976 | |
| 650 | 0 | |a Cruzadas |9 319513 | |
| 942 | |c BK |2 ddc |n 0 | ||
| 945 | |d 20000602 00:00:00 |a rherrera | ||
| 952 | |0 0 |1 0 |4 0 |6 949_500000000000000_VAS_1946 |7 0 |8 X |9 336651 |a BIBHIS |b BIBHIS |d 2019-11-20 |h v.1 |i 1283510 |l 2 |o 949.5 VAS 1946 |p 1283510 |r 2024-11-15 |s 2024-11-15 |w 2019-11-20 |y BK_X |k HIS | ||
| 952 | |0 0 |1 0 |4 0 |6 949_500000000000000_VAS_1946 |7 0 |8 X |9 336652 |a BIBHIS |b BIBHIS |d 2019-11-20 |h v.2 |i 1283529 |o 949.5 VAS 1946 |p 1283529 |r 2024-01-30 |w 2019-11-20 |y BK_X |k HIS | ||
| 952 | |0 0 |1 0 |4 0 |6 949_500000000000000_VAS_1946 |7 0 |8 X |9 336653 |a BIBHIS |b BIBHIS |d 2019-11-20 |h v.2 |i 1283537 |o 949.5 VAS 1946 |p 1283537 |r 2024-01-30 |w 2019-11-20 |y BK_X |k HIS | ||